[Event "Ribeirao Preto op"]
[Site "Ribeirao Preto"]
[Date "2014.04.06"]
[Round "6"]
[White "Molina, Roberto Junio Brito"]
[Black "Ramos, Ricardo Guelerman P"]
[Result "1-0"]
[WhiteElo "2432"]
[BlackElo "1813"]
[PlyCount "65"]
[EventDate "2014.04.04"]
[EventType "swiss"]
[EventRounds "6"]
[EventCountry "BRA"]
[SourceTitle "CBM 159 Extra"]
[Source "ChessBase"]
[SourceDate "2014.04.24"]
[SourceVersion "1"]
[SourceVersionDate "2014.04.24"]
[SourceQuality "1"]

1. e4 e6 2. d4 d5 3. Nc3 Bb4 4. e5 c5 5. Bd2 cxd4 6. Nb5 Bxd2+ 7. Qxd2 Nc6 8. f4 Nge7 9. Nd6+ Kf8 10. Nf3 Nf5 11. Nxf5 exf5 12. 0-0-0 Be6 13. Nxd4 Qb6 14. c3 Qa5 15. Kb1 a6 16. Be2 Rc8 17. Rhf1 h5 18. Qe3 b5 19. Nxc6 Rxc6 20. Rd4 Rc7 21. Bf3 Qb6 22. Qd2 Rd7 23. Rd1 Ke7 24. Bxd5 Rhd8 25. Bb3 Rxd4 26. cxd4 Bxb3 27. axb3 Rd5 28. Qb4+ Ke6 29. Qf8 Rxd4 30. Qe8+ Kd5 31. Qxf7+ Ke4 32. Re1+ Kxf4 33. Qxh5 1-0

[Event "Ribeirao Preto op"]
[Site "Ribeirao Preto"]
[Date "2014.04.06"]
[Round "5"]
[White "Ramos, Ricardo Guelerman P"]
[Black "Antoniassi, Marcio"]
[Result "1-0"]
[WhiteElo "1813"]
[BlackElo "1800"]
[PlyCount "73"]
[EventDate "2014.04.04"]
[EventType "swiss"]
[EventRounds "6"]
[EventCountry "BRA"]
[SourceTitle "CBM 159 Extra"]
[Source "ChessBase"]
[SourceDate "2014.04.24"]
[SourceVersion "1"]
[SourceVersionDate "2014.04.24"]
[SourceQuality "1"]

1. Nf3 Nf6 2. c4 g6 3. g3 Bg7 4. Bg2 0-0 5. Nc3 d6 6. 0-0 Nbd7 7. Rb1 c5 8. a3 Rb8 9. b4 Ng4 10. Bb2 Nge5 11. d3 Nxf3+ 12. Bxf3 Ne5 13. Bg2 Bg4 14. h3 Be6 15. Nd5 Bxd5 16. Bxd5 a6 17. bxc5 Qd7 18. cxd6 Qxd6 19. Bg2 Rfd8 20. Bxe5 Bxe5 21. Rxb7 Rxb7 22. Bxb7 Bxg3 23. fxg3 Qb6+ 24. Kh2 Qxb7 25. Qc2 h5 26. h4 Qc7 27. Qc3 e5 28. Rf3 Rd4 29. Re3 f5 30. c5 g5 31. Qb3+ Kg7 32. Qb6 Qe7 33. c6 gxh4 34. Qxd4 hxg3+ 35. Rxg3+ Kh6 36. Qd7 Qh4+ 37. Kg2 1-0

[Event "Ribeirao Preto op"]
[Site "Ribeirao Preto"]
[Date "2014.04.05"]
[Round "4"]
[White "Katayama, Pedro Lourenco"]
[Black "Ramos, Ricardo Guelerman P"]
[Result "1/2-1/2"]
[WhiteElo "1975"]
[BlackElo "1813"]
[PlyCount "106"]
[EventDate "2014.04.04"]
[EventType "swiss"]
[EventRounds "6"]
[EventCountry "BRA"]
[SourceTitle "CBM 159 Extra"]
[Source "ChessBase"]
[SourceDate "2014.04.24"]
[SourceVersion "1"]
[SourceVersionDate "2014.04.24"]
[SourceQuality "1"]

1. d4 Nf6 2. Nf3 c5 3. d5 d6 4. c4 g6 5. Nc3 Bg7 6. g3 0-0 7. Bg2 Na6 8. 0-0 Nc7 9. a4 b6 10. Re1 Rb8 11. e4 a6 12. e5 Ng4 13. exd6 exd6 14. Bg5 Nf6 15. Qd2 Qd7 16. Re2 Bb7 17. Rae1 Rfe8 18. Qf4 Nh5 19. Qh4 h6 20. Bd2 Bf6 21. Qh3 Qxh3 22. Bxh3 Bg7 23. Re7 Rxe7 24. Rxe7 Ne8 25. g4 Bf8 26. Re1 Nhf6 27. g5 hxg5 28. Bxg5 Nh7 29. Bf4 Nhf6 30. Nd2 b5 31. axb5 axb5 32. b3 bxc4 33. bxc4 Ba6 34. Bf1 Nh5 35. Be3 Nef6 36. Ra1 Bc8 37. h3 Ng7 38. Ra7 Nf5 39. Bf4 Nh5 40. Bh2 Nf6 41. Bd3 Nd4 42. Kg2 Bf5 43. Bxf5 Nxf5 44. Nf3 Rb4 45. Ra4 Rb3 46. Nb5 Ne4 47. Ra2 Rb4 48. Rc2 Be7 49. Bf4 Kg7 50. Kf1 Rb3 51. Kg2 Rb4 52. Na7 Rb3 53. Nc6 Bh4 1/2-1/2

[Event "Ribeirao Preto op"]
[Site "Ribeirao Preto"]
[Date "2014.04.05"]
[Round "3"]
[White "Ramos, Ricardo Guelerman P"]
[Black "Dias, Matheus Nunes"]
[Result "1-0"]
[WhiteElo "1813"]
[BlackElo "1635"]
[PlyCount "67"]
[EventDate "2014.04.04"]
[EventType "swiss"]
[EventRounds "6"]
[EventCountry "BRA"]
[SourceTitle "CBM 159 Extra"]
[Source "ChessBase"]
[SourceDate "2014.04.24"]
[SourceVersion "1"]
[SourceVersionDate "2014.04.24"]
[SourceQuality "1"]

1. Nf3 Nc6 2. c4 e5 3. d3 f5 4. g3 d6 5. Nc3 Nf6 6. Bg2 g6 7. 0-0 Bg7 8. Rb1 a5 9. a3 0-0 10. b4 axb4 11. axb4 Kh8 12. b5 Na5 13. Nd2 Bd7 14. Nb3 c6 15. Nxa5 Qxa5 16. Bd2 Qc7 17. Qc2 d5 18. cxd5 cxd5 19. Qb3 d4 20. Nd5 Nxd5 21. Qxd5 Qc2 22. Bb4 Rfd8 23. Rfc1 Qxe2 24. Bf1 Qa2 25. Qxb7 Ra7 26. Qb6 Rda8 27. Bg2 Re8 28. Bc5 Ra4 29. Qd6 Be6 30. b6 Qe2 31. b7 Ra2 32. Rf1 Rb2 33. Rxb2 Qxb2 34. Bb6 1-0

[Event "Ribeirao Preto op"]
[Site "Ribeirao Preto"]
[Date "2014.04.04"]
[Round "2"]
[White "Brandao, Renan Alves"]
[Black "Ramos, Ricardo Guelerman P"]
[Result "1-0"]
[WhiteElo "2060"]
[BlackElo "1813"]
[PlyCount "85"]
[EventDate "2014.04.04"]
[EventType "swiss"]
[EventRounds "6"]
[EventCountry "BRA"]
[SourceTitle "CBM 159 Extra"]
[Source "ChessBase"]
[SourceDate "2014.04.24"]
[SourceVersion "1"]
[SourceVersionDate "2014.04.24"]
[SourceQuality "1"]

1. d4 Nf6 2. c4 c5 3. Nf3 cxd4 4. Nxd4 g6 5. Nc3 Bg7 6. e4 Nc6 7. Nc2 d6 8. Be2 0-0 9. 0-0 Be6 10. Bg5 Qa5 11. Qd2 Rfc8 12. Rac1 a6 13. f4 Qb6+ 14. Ne3 Qd4 15. Qxd4 Nxd4 16. Bd3 Kf8 17. Ncd5 Bxd5 18. Nxd5 Nxd5 19. cxd5 Bf6 20. Bxf6 exf6 21. Kf2 Ke7 22. Ke3 Nb5 23. g4 Nc7 24. Rc2 Kd7 25. h4 Re8 26. Kd4 Nb5+ 27. Ke3 Nc7 28. Kf3 Re7 29. a4 b5 30. Rfc1 Ra7 31. a5 Kd8 32. Rc6 Kd7 33. Rb6 Na8 34. Rxa6 Rxa6 35. Bxb5+ Kd8 36. Bxa6 Ra7 37. Rc6 Nc7 38. Bc4 Rxa5 39. Rxd6+ Ke7 40. Rc6 Nb5 41. Ke3 f5 42. gxf5 gxf5 43. e5 1-0

[Event "BRA-ch Amateur"]
[Site "Sao Paulo"]
[Date "2013.02.10"]
[Round "4"]
[White "Garcia, Liria Caetano"]
[Black "Ramos, Ricardo Guelerman P"]
[Result "1-0"]
[WhiteElo "2008"]
[BlackElo "1838"]
[PlyCount "81"]
[EventDate "2013.02.09"]
[EventType "swiss"]
[EventRounds "7"]
[EventCountry "BRA"]
[SourceTitle "CBM 152 Extra"]
[Source "ChessBase"]
[SourceDate "2013.02.25"]
[SourceVersion "1"]
[SourceVersionDate "2013.02.25"]
[SourceQuality "1"]

1. d4 d5 2. c4 c6 3. Nc3 Nf6 4. e3 g6 5. Nf3 Bg7 6. b3 0-0 7. Be2 Bg4 8. 0-0 Nbd7 9. Bb2 Re8 10. h3 Bxf3 11. Bxf3 e5 12. cxd5 e4 13. dxc6 bxc6 14. Be2 Qe7 15. Na4 Red8 16. Rc1 Rac8 17. Qe1 Nb6 18. Qa5 Rd5 19. Nc5 Nfd7 20. Ba3 Nxc5 21. Rxc5 Qd7 22. Ba6 Rc7 23. Rfc1 Bf8 24. Rxd5 cxd5 25. Rxc7 Qxc7 26. Bxf8 Kxf8 27. Qc5+ Qxc5 28. dxc5 Na8 29. Kf1 Ke8 30. Ke1 Kd8 31. Bb7 Nc7 32. Kd2 f5 33. b4 g5 34. a4 h5 35. Kc3 h4 36. Kd4 f4 37. Bxd5 Nxd5 38. Kxd5 f3 39. gxf3 exf3 40. Ke4 g4 41. hxg4 1-0

[Event "BRA-ch Amateur"]
[Site "Sao Paulo"]
[Date "2013.02.09"]
[Round "2"]
[White "Rodrigues, Leonardo De Miranda"]
[Black "Ramos, Ricardo Guelerman P"]
[Result "1-0"]
[WhiteElo "2019"]
[BlackElo "1838"]
[PlyCount "109"]
[EventDate "2013.02.09"]
[EventType "swiss"]
[EventRounds "7"]
[EventCountry "BRA"]
[SourceTitle "CBM 152 Extra"]
[Source "ChessBase"]
[SourceDate "2013.02.25"]
[SourceVersion "1"]
[SourceVersionDate "2013.02.25"]
[SourceQuality "1"]

1. d4 d5 2. Nf3 Nf6 3. c4 c6 4. Nc3 a6 5. e3 b5 6. b3 Bg4 7. Be2 e6 8. 0-0 Bd6 9. Bb2 Nbd7 10. a3 Bxf3 11. Bxf3 bxc4 12. bxc4 Bxh2+ 13. Kxh2 Qb8+ 14. Kg1 Qxb2 15. Qd3 Qb7 16. Rfc1 0-0 17. Rab1 Qa7 18. e4 dxe4 19. Nxe4 Rad8 20. Nxf6+ Nxf6 21. Bxc6 Qxd4 22. Qxd4 Rxd4 23. c5 g6 24. Bb7 Rd7 25. Rb6 Nd5 26. Bxd5 exd5 27. c6 Rc7 28. Rxa6 d4 29. Kf1 Re8 30. Ra4 Re6 31. Rxd4 Rexc6 32. Rxc6 Rxc6 33. Ke2 Rc2+ 34. Rd2 Rc6 35. Ra2 Rc5 36. Kd3 h5 37. Kd4 Ra5 38. Kc4 h4 39. Kb4 Ra8 40. a4 g5 41. Kb5 Re8 42. a5 Re5+ 43. Kc4 Re4+ 44. Kd5 Re1 45. a6 Rd1+ 46. Ke5 Rd8 47. a7 Ra8 48. Kf5 f6 49. f3 Kf7 50. Ra6 Kg7 51. Ra4 Kf7 52. Ra5 Kg7 53. Ra6 Kh6 54. Kxf6 Kh5 55. Kg7 1-0

[Event "Altinopolis op 2nd"]
[Site "Altinopolis"]
[Date "2013.??.??"]
[Round "6"]
[White "Ramos, Ricardo Guelerman P"]
[Black "Ramos, Felipe E Guelerman"]
[Result "1-0"]
[WhiteElo "1819"]
[BlackElo "1397"]
[PlyCount "57"]
[EventDate "2013.03.22"]
[EventType "swiss"]
[EventRounds "6"]
[EventCountry "BRA"]
[SourceTitle "CBM 153 Extra"]
[Source "ChessBase"]
[SourceDate "2013.04.22"]
[SourceVersion "1"]
[SourceVersionDate "2013.04.22"]
[SourceQuality "1"]

1. Nf3 f5 2. c4 Nf6 3. g3 e6 4. Bg2 d5 5. b3 c6 6. Bb2 Bd6 7. 0-0 0-0 8. d3 Nbd7 9. Nbd2 b5 10. Qc2 Bb7 11. e4 fxe4 12. dxe4 Qc7 13. Rfe1 Ng4 14. exd5 exd5 15. Ng5 Ndf6 16. c5 Be7 17. Ne6 Qd7 18. Nxf8 Rxf8 19. h3 Nh6 20. Nf3 Re8 21. Ng5 Qf5 22. Qxf5 Nxf5 23. Re6 Bc8 24. Ree1 h6 25. g4 Kf8 26. Ne6+ Bxe6 27. Rxe6 Nh4 28. Bxf6 gxf6 29. Rxc6 1-0

[Event "Sao Jose do Rio Preto IRT op"]
[Site "Sao Jose do Rio Preto"]
[Date "2012.06.09"]
[Round "6"]
[White "Borsato, Ana Carolina Teodor"]
[Black "Ramos, Ricardo Guelerman P"]
[Result "1-0"]
[WhiteElo "1659"]
[BlackElo "1862"]
[PlyCount "43"]
[EventDate "2012.06.07"]
[EventType "swiss"]
[EventRounds "6"]
[EventCountry "BRA"]
[SourceTitle "EXT 2014"]
[Source "ChessBase"]
[SourceDate "2013.11.20"]
[SourceVersion "1"]
[SourceVersionDate "2013.11.20"]
[SourceQuality "1"]

1. e4 c5 2. Nf3 Nc6 3. d4 cxd4 4. Nxd4 g6 5. Nc3 Bg7 6. Be3 Nf6 7. f3 0-0 8. Bc4 Qb6 9. 0-0 Nxe4 10. Nd5 Qc5 11. Nxc6 Qxc4 12. Ncxe7+ Kh8 13. fxe4 Qxe4 14. Rf4 Qe6 15. Bd4 f6 16. Rh4 Qf7 17. Qg4 Re8 18. Nxg6+ Kg8 19. Ngf4 f5 20. Qxg7+ Qxg7 21. Bxg7 Kxg7 22. Nc7 1-0

[Event "Sao Jose do Rio Preto IRT op"]
[Site "Sao Jose do Rio Preto"]
[Date "2012.06.07"]
[Round "1"]
[White "Guelerman Ramos, Felipe E"]
[Black "Ramos, Ricardo Guelerman P"]
[Result "0-1"]
[WhiteElo "1400"]
[BlackElo "1862"]
[PlyCount "68"]
[EventDate "2012.06.07"]
[EventType "swiss"]
[EventRounds "6"]
[EventCountry "BRA"]
[SourceTitle "EXT 2014"]
[Source "ChessBase"]
[SourceDate "2013.11.20"]
[SourceVersion "1"]
[SourceVersionDate "2013.11.20"]
[SourceQuality "1"]

1. e4 c5 2. Nf3 Nc6 3. d4 cxd4 4. Nxd4 g6 5. Nc3 Bg7 6. Be3 Nf6 7. Nb3 0-0 8. f3 d5 9. exd5 Nb4 10. Bc4 Bf5 11. Rc1 Rc8 12. Bc5 Nxc2+ 13. Rxc2 Bxc2 14. Qxc2 b6 15. Ba6 bxc5 16. Bxc8 Qxc8 17. 0-0 c4 18. Nc1 Nxd5 19. Nxd5 Qc5+ 20. Ne3 Qxe3+ 21. Qf2 Qxf2+ 22. Rxf2 Rd8 23. Rc2 Rd1+ 24. Kf2 Bxb2 25. Rxb2 Rxc1 26. Rb7 Rc2+ 27. Kg3 Rxa2 28. Rxe7 c3 29. Rc7 c2 30. Kf4 Kg7 31. Ke3 Kf6 32. Kd3 Ke5 33. Rxc2 Rxc2 34. Kxc2 Kd4 0-1

[Event "Altinopolis op 1st"]
[Site "Altinopolis"]
[Date "2012.04.03"]
[Round "6"]
[White "Polli, Lucas Ribeiro"]
[Black "Ramos, Ricardo Guelerman P"]
[Result "1-0"]
[WhiteElo "1644"]
[BlackElo "1882"]
[PlyCount "32"]
[EventDate "2012.02.03"]
[EventType "swiss"]
[EventRounds "6"]
[EventCountry "BRA"]
[SourceTitle "CBM 147 Extra"]
[Source "ChessBase"]
[SourceDate "2012.04.24"]
[SourceVersion "1"]
[SourceVersionDate "2012.04.24"]
[SourceQuality "1"]

1. d4 Nf6 2. Nf3 d5 3. Bf4 g6 4. e3 Bg7 5. Bd3 0-0 6. 0-0 Bg4 7. Nbd2 Nbd7 8. h3 Bxf3 9. Nxf3 c5 10. c3 Re8 11. Qc2 Rc8 12. Bb5 a6 13. Bxd7 Nxd7 14. Qb3 Nb6 15. a4 c4 16. Qb4 Qd7 1-0

[Event "Altinopolis op 1st"]
[Site "Altinopolis"]
[Date "2012.04.03"]
[Round "5"]
[White "Ramos, Ricardo Guelerman P"]
[Black "Gardim, Leonardo D'Almada"]
[Result "1/2-1/2"]
[WhiteElo "1882"]
[BlackElo "1520"]
[PlyCount "56"]
[EventDate "2012.02.03"]
[EventType "swiss"]
[EventRounds "6"]
[EventCountry "BRA"]
[SourceTitle "CBM 147 Extra"]
[Source "ChessBase"]
[SourceDate "2012.04.24"]
[SourceVersion "1"]
[SourceVersionDate "2012.04.24"]
[SourceQuality "1"]

1. c4 e6 2. g3 d5 3. Nf3 Nf6 4. Bg2 Be7 5. 0-0 0-0 6. d4 Nbd7 7. Qc2 b6 8. Nc3 Bb7 9. cxd5 exd5 10. Nh4 g6 11. Bh6 Re8 12. Bg5 Rc8 13. Rfd1 a6 14. Rac1 Ne4 15. Bxe7 Qxe7 16. Bh3 Ng5 17. Bg2 Ne4 18. e3 b5 19. Nf3 Red8 20. Nd2 Nxc3 21. Qxc3 c5 22. dxc5 Rxc5 23. Qa3 Rdc8 24. Rxc5 Qxc5 25. Qxc5 Nxc5 26. Rc1 Nd3 27. Rxc8+ Bxc8 28. b3 Be6 1/2-1/2

[Event "Altinopolis op 1st"]
[Site "Altinopolis"]
[Date "2012.03.03"]
[Round "4"]
[White "Batista, Renato Luiz"]
[Black "Ramos, Ricardo Guelerman P"]
[Result "1-0"]
[WhiteElo "2193"]
[BlackElo "1882"]
[PlyCount "55"]
[EventDate "2012.02.03"]
[EventType "swiss"]
[EventRounds "6"]
[EventCountry "BRA"]
[SourceTitle "CBM 147 Extra"]
[Source "ChessBase"]
[SourceDate "2012.04.24"]
[SourceVersion "1"]
[SourceVersionDate "2012.04.24"]
[SourceQuality "1"]

1. d4 d5 2. c4 c6 3. Nc3 Nf6 4. Nf3 a6 5. cxd5 cxd5 6. Bf4 Nc6 7. e3 e6 8. Bd3 Qb6 9. a3 Bd7 10. 0-0 Nh5 11. Na4 Qa7 12. Bg5 h6 13. Bh4 g5 14. Bg3 Nxg3 15. hxg3 b5 16. Nc3 Bg7 17. Rc1 Na5 18. e4 Nc4 19. Qe2 g4 20. Nh4 Qxd4 21. exd5 Nxb2 22. Nf5 Qxd3 23. Nxg7+ Kf8 24. Qxb2 Kxg7 25. Ne4+ Kh7 26. Nf6+ Kg6 27. Nxd7 Qf5 28. dxe6 1-0

[Event "Altinopolis op 1st"]
[Site "Altinopolis"]
[Date "2012.02.03"]
[Round "1"]
[White "Ramos, Ricardo Guelerman P"]
[Black "Sobral, Juliana Maranduba"]
[Result "1-0"]
[WhiteElo "1882"]
[BlackElo "1800"]
[PlyCount "33"]
[EventDate "2012.02.03"]
[EventType "swiss"]
[EventRounds "6"]
[EventCountry "BRA"]
[SourceTitle "CBM 147 Extra"]
[Source "ChessBase"]
[SourceDate "2012.04.24"]
[SourceVersion "1"]
[SourceVersionDate "2012.04.24"]
[SourceQuality "1"]

1. c4 c5 2. g3 e6 3. Bg2 Ne7 4. Nc3 g6 5. d4 Qc7 6. Nf3 Bg7 7. 0-0 a6 8. dxc5 Qxc5 9. Ne4 Qb6 10. c5 Qc7 11. Bf4 e5 12. Nd6+ Kf8 13. Nxe5 Nbc6 14. Qb3 Nxe5 15. Bxe5 Qxd6 16. Bxd6 Ra7 17. Qb6 1-0

[Event "Batatais op 2nd"]
[Site "Batatais"]
[Date "2011.12.18"]
[Round "6"]
[White "De Oliveira, Francemir Barra"]
[Black "Ramos, Ricardo Guelerman P"]
[Result "0-1"]
[WhiteElo "1806"]
[BlackElo "1879"]
[PlyCount "127"]
[EventDate "2011.12.16"]
[EventType "swiss"]
[EventRounds "6"]
[EventCountry "BRA"]
[SourceTitle "EXT 2013"]
[Source "ChessBase"]
[SourceDate "2012.11.22"]
[SourceVersion "1"]
[SourceVersionDate "2012.11.22"]
[SourceQuality "1"]

1. e4 c5 2. Nf3 Nc6 3. d4 cxd4 4. Nxd4 g6 5. Be3 Nf6 6. Nc3 Bg7 7. f3 0-0 8. Qd2 d5 9. 0-0-0 dxe4 10. fxe4 Ng4 11. Nxc6 Qxd2+ 12. Kxd2 bxc6 13. h3 Nxe3 14. Kxe3 Bh6+ 15. Kf2 Bg7 16. Bc4 Rb8 17. Rb1 Rb4 18. Bd3 Be6 19. a3 Rb7 20. Na4 Rfb8 21. b3 Rd7 22. Ke2 Bd4 23. b4 Kg7 24. c3 Bb6 25. Rhd1 Rbd8 26. Nxb6 axb6 27. Bc2 Bc4+ 28. Ke3 Kf6 29. h4 Ke5 30. Rxd7 Rxd7 31. Rd1 Rxd1 32. Bxd1 b5 33. a4 bxa4 34. Bxa4 Kd6 35. Kd4 Bf1 36. g3 e5+ 37. Ke3 h6 38. Bb3 f6 39. Bf7 g5 40. Kf3 Bh3 41. Bh5 Bd7 42. Bg4 Be8 43. Ke3 c5 44. Kd3 Bc6 45. Bf3 f5 46. Ke3 f4+ 47. Kf2 cxb4 48. cxb4 Kc7 49. gxf4 gxf4 50. Kg2 Kb6 51. Kh3 Bd7+ 52. Bg4 Bxg4+ 53. Kxg4 Kb5 54. Kf5 f3 55. Kxe5 f2 56. Kd6 f1Q 57. e5 Qd3+ 58. Ke7 Qe4 59. e6 Qxb4+ 60. Ke8 Qxh4 61. e7 h5 62. Kf7 Qxe7+ 63. Kxe7 h4 64. Ke6 0-1

[Event "Barrinha op"]
[Site "Barrinha"]
[Date "2011.10.15"]
[Round "3"]
[White "Batista, Renato Luiz"]
[Black "Ramos, Ricardo Guelerman P"]
[Result "1-0"]
[WhiteElo "2194"]
[BlackElo "1885"]
[PlyCount "45"]
[EventDate "2011.10.14"]
[EventType "swiss"]
[EventRounds "6"]
[EventCountry "BRA"]
[SourceTitle "CBM 144 Extra"]
[Source "ChessBase"]
[SourceDate "2011.10.28"]
[SourceVersion "1"]
[SourceVersionDate "2011.10.28"]
[SourceQuality "1"]

1. d4 Nf6 2. c4 c5 3. d5 e5 4. Nc3 d6 5. e4 Be7 6. Nf3 0-0 7. Be2 a6 8. 0-0 Nbd7 9. Ne1 Ne8 10. Nd3 g6 11. Bh6 Ng7 12. Qd2 f5 13. f4 Bf6 14. Kh1 Rb8 15. a4 b6 16. Rae1 Rf7 17. Bf3 Rb7 18. g3 Qe7 19. Bg2 Nh5 20. Bh3 Bg7 21. Bxg7 Rxg7 22. exf5 gxf5 23. Bxf5 1-0

[Event "Ribeirao Preto RECRA 1st"]
[Site "Ribeirao Preto"]
[Date "2010.12.05"]
[Round "6.9"]
[White "Ramos, Ricardo Guelerman P"]
[Black "Chaves, Vagner"]
[Result "1/2-1/2"]
[WhiteElo "1917"]
[BlackElo "1619"]
[PlyCount "25"]
[EventDate "2010.12.03"]
[EventType "swiss"]
[EventRounds "6"]
[EventCountry "BRA"]
[SourceTitle "EXT 2022"]
[Source "ChessBase"]
[SourceDate "2021.10.06"]
[SourceVersion "1"]
[SourceVersionDate "2021.10.06"]
[SourceQuality "1"]

1. c4 Nf6 2. g3 g6 3. Bg2 Bg7 4. Nc3 d6 5. Nf3 c5 6. d4 0-0 7. 0-0 Nc6 8. b3 Qa5 9. Bb2 cxd4 10. Nxd4 Nxd4 11. Qxd4 Rb8 12. Rfd1 Re8 13. Rac1 1/2-1/2

[Event "Sao Paulo op"]
[Site "Sao Paulo"]
[Date "2010.11.26"]
[Round "2"]
[White "Crosa Coll, Martin"]
[Black "Ramos, Ricardo Guelerman P"]
[Result "1-0"]
[WhiteElo "2358"]
[BlackElo "1917"]
[PlyCount "80"]
[EventDate "2010.11.26"]
[EventType "swiss"]
[EventRounds "6"]
[EventCountry "BRA"]
[SourceTitle "EXT 2012"]
[Source "ChessBase"]
[SourceDate "2011.11.24"]
[SourceVersion "1"]
[SourceVersionDate "2011.11.24"]
[SourceQuality "1"]

1. e4 c5 2. Nf3 g6 3. d4 cxd4 4. Nxd4 Nc6 5. Nc3 Bg7 6. Nde2 Nf6 7. g3 b5 8. Bg2 b4 9. Nd5 0-0 10. a3 bxa3 11. Rxa3 Rb8 12. 0-0 Nxd5 13. exd5 Na5 14. b3 a6 15. Bd2 Nb7 16. Rxa6 Nc5 17. Ra3 Qb6 18. Be3 Qb5 19. Ra2 Bb7 20. Qe1 Na6 21. Bd2 Qc5 22. c4 Bc8 23. Ra5 Qb6 24. Nc1 e5 25. Rb5 Qd6 26. Rxb8 Qxb8 27. b4 d6 28. b5 Nc5 29. Be3 Qc7 30. Qb4 Bf5 31. Rd1 Rc8 32. Bf1 e4 33. Rd2 Nd3 34. Nxd3 exd3 35. Bxd3 Bxd3 36. Rxd3 Qxc4 37. Qxc4 Rxc4 38. Rb3 Rc7 39. b6 Rb7 40. Ra3 Kf8 1-0

[Event "Ribeirao Preto RECRA 1st B"]
[Site "Ribeirao Preto"]
[Date "2010.10.18"]
[Round "4.7"]
[White "Ramos, Ricardo Guelerman P"]
[Black "De Oliveira, Peter"]
[Result "1/2-1/2"]
[WhiteElo "1917"]
[BlackElo "1913"]
[PlyCount "92"]
[EventDate "2010.10.15"]
[EventType "tourn"]
[EventRounds "13"]
[EventCountry "BRA"]
[SourceTitle "EXT 2022"]
[Source "ChessBase"]
[SourceDate "2021.10.06"]
[SourceVersion "1"]
[SourceVersionDate "2021.10.06"]
[SourceQuality "1"]

1. Nf3 c5 2. c4 Nf6 3. g3 Nc6 4. Nc3 e5 5. d3 d6 6. Bg2 h6 7. h3 Be6 8. 0-0 Qd7 9. Kh2 Be7 10. a3 Nh7 11. e3 Ng5 12. Ng1 f5 13. f4 Nf7 14. Nd5 h5 15. h4 Bf6 16. Rb1 Ne7 17. Nxf6+ gxf6 18. b3 Ng6 19. d4 Nh6 20. dxc5 Ng4+ 21. Kh1 dxc5 22. Qxd7+ Kxd7 23. Nh3 e4 24. Nf2 Nh6 25. Rd1+ Ke7 26. Rb2 Rhd8 27. Rbd2 Rxd2 28. Rxd2 Rd8 29. Rxd8 Kxd8 30. Bb2 Ke7 31. Kg1 b5 32. Bf1 bxc4 33. bxc4 Nf8 34. a4 Nd7 35. a5 Nb8 36. Ba3 Kd6 37. Bb2 Nc6 38. Bc3 Kc7 39. Nd1 Nb4 40. Nb2 Ng4 41. Bd2 Nc2 42. Nd1 Kb7 43. Be2 Ka6 44. Kg2 Nb4 45. Nc3 Nc2 46. Nd1 Nb4 1/2-1/2

[Event "Ribeirao Preto RECRA 1st B"]
[Site "Ribeirao Preto"]
[Date "2010.10.16"]
[Round "2.7"]
[White "Oliveira, Fernando Henrique"]
[Black "Ramos, Ricardo Guelerman P"]
[Result "1-0"]
[WhiteElo "1987"]
[BlackElo "1917"]
[PlyCount "73"]
[EventDate "2010.10.15"]
[EventType "tourn"]
[EventRounds "13"]
[EventCountry "BRA"]
[SourceTitle "EXT 2022"]
[Source "ChessBase"]
[SourceDate "2021.10.06"]
[SourceVersion "1"]
[SourceVersionDate "2021.10.06"]
[SourceQuality "1"]

1. d4 Nf6 2. c4 e6 3. g3 Bb4+ 4. Bd2 Qe7 5. Bg2 Nc6 6. Nf3 Bxd2+ 7. Nbxd2 0-0 8. 0-0 d6 9. e4 e5 10. d5 Nb8 11. b4 a5 12. a3 Na6 13. Qb3 Bd7 14. Rfc1 c6 15. Ne1 axb4 16. axb4 c5 17. Nd3 cxb4 18. Nxb4 Nc5 19. Qc3 Rfc8 20. Nd3 Nxd3 21. Qxd3 Qd8 22. Qb3 Qc7 23. Qb4 b6 24. Rxa8 Rxa8 25. Rb1 Ra6 26. h3 Kf8 27. Kh2 Ra2 28. Rb2 Rxb2 29. Qxb2 Qc5 30. Nf1 b5 31. cxb5 Qxb5 32. Qa3 Ke7 33. Ne3 g6 34. Qc3 Qa4 35. Nc4 Bb5 36. Nxe5 Nxe4 37. Qc7+ 1-0

[Event "Ribeirao Preto Mogiano 1st"]
[Site "Ribeirao Preto"]
[Date "2010.08.08"]
[Round "9.5"]
[White "Ramos, Ricardo Guelerman P"]
[Black "Gimenez, Jayme Augusto"]
[Result "1/2-1/2"]
[WhiteElo "1928"]
[BlackElo "2144"]
[PlyCount "28"]
[EventDate "2010.07.30"]
[EventType "tourn"]
[EventRounds "9"]
[EventCountry "BRA"]
[SourceTitle "EXT 2022"]
[Source "ChessBase"]
[SourceDate "2021.10.06"]
[SourceVersion "1"]
[SourceVersionDate "2021.10.06"]
[SourceQuality "1"]

1. Nf3 c5 2. c4 g6 3. Nc3 Bg7 4. g3 Nc6 5. Bg2 Nf6 6. d4 cxd4 7. Nxd4 Nxd4 8. Qxd4 0-0 9. 0-0 d6 10. Qd3 Qa5 11. Bd2 Qh5 12. Qf3 Qxf3 13. Bxf3 Be6 14. b3 Rab8 1/2-1/2

[Event "Ribeirao Preto Mogiano 1st"]
[Site "Ribeirao Preto"]
[Date "2010.08.01"]
[Round "4.3"]
[White "Ramos, Ricardo Guelerman P"]
[Black "Brandao, Renan Alves"]
[Result "1/2-1/2"]
[WhiteElo "1928"]
[BlackElo "2054"]
[PlyCount "82"]
[EventDate "2010.07.30"]
[EventType "tourn"]
[EventRounds "9"]
[EventCountry "BRA"]
[SourceTitle "EXT 2022"]
[Source "ChessBase"]
[SourceDate "2021.10.06"]
[SourceVersion "1"]
[SourceVersionDate "2021.10.06"]
[SourceQuality "1"]

1. Nf3 Nf6 2. c4 c5 3. Nc3 e6 4. g3 d5 5. cxd5 exd5 6. d4 Nc6 7. Bg2 Be7 8. 0-0 0-0 9. Bg5 cxd4 10. Nxd4 h6 11. Be3 Re8 12. Nxc6 bxc6 13. Rc1 Rb8 14. Na4 Qa5 15. Bc5 Bg4 16. f3 Bf5 17. Bxe7 Rxe7 18. Rc5 Qa6 19. e4 Rb4 20. b3 Be6 21. Qd2 Rb8 22. Rfc1 Rc8 23. Qb4 Qe2 24. R5c2 Qe3+ 25. Kh1 Ree8 26. Qc5 Qd3 27. Rc3 Qa6 28. Qb4 Rc7 29. Bf1 Qc8 30. e5 Nd7 31. Qd6 Nb8 32. Qc5 Rd8 33. Qd4 Nd7 34. Bb5 Nb8 35. Qd2 Qb7 36. Bf1 Na6 37. Nc5 Nxc5 38. Rxc5 Qb6 39. Qd4 Rb8 40. Qc3 Rcc8 41. Kg2 Kf8 1/2-1/2